000 01348nam a2200337 a 4500
001 000002171
003 DO-SdBPM
005 20260203093158.0
007 ta
008 090701s2008 dr ad 001 0 spa d
020 _a9789945161854
040 _aDO-SdBPM
_bspa
_cBPMSU
_drda
082 4 _a330.7293
_bA473a 2008
_222
100 1 _aÁlvarez Bogaert, Fernando,
_d1941-
_eautor
_4aut.
245 1 0 _aAnatomía de la República Dominicana 2008 /
_cFernando Álvarez Bogaert ; edición José Enrique García.
264 _aSanto Domingo :
_bEditora Búho,
_c2008.
300 _a261 páginas :
_bilustración , diagrama ;
_c23 cm.
336 _atexto
_btxt
_2rdacontent
337 _asin mediación
_bn
_2rdamedia
338 _avolumen
_bnc
_2rdacarrier
500 _aIncluye datos biográficos del autor : p. 257-261
500 _aIncluye referencias bibliográficas y notas al pie de las páginas
500 _aIncluye índice referencial, gráficas, cuadros e imágenes.
590 _aInventariado, 2026/ VM
651 7 _aRepública Dominicana
_xPolítica económica
_v Artículos de prensa.
651 7 _aRepública Dominicana
_xCondiciones económicas
651 7 _aRepública Dominicana
_xCondiciones sociales
700 1 _aGarcía, José Enrique,
_d1948-
_eeditor
910 _aVMateo V. Control de calidad BPMSU
942 _2ddc
_cBK
999 _c15657
_d15657